Dynamika súboru častíc vo fluktuujúcom potenciáli

Na minha lista:
Detalhes bibliográficos
Autor principal: Klčovanský, Marek (Author)
Outros Autores: Bokes, Peter (Thesis advisor)
Formato: Manuscrito Livro
Idioma:eslovaco
Publicado em: Bratislava : STU v Bratislave FEI, 2024
Assuntos:
Acesso em linha:https://opac.crzp.sk/?fn=detailBiblioFormChildO1194P&sid=9A7D98113A4E7D6F09AC75A0EB46&seo=CRZP-detail-kniha
Tags: Adicionar Tag
Sem tags, seja o primeiro a adicionar uma tag!

MARC

LEADER 00000ntm a22000003a 4500
001 stuzp94776
003 SK-STU
005 20250423131511.6
007 ta
008 150427s2015----xo-----f-mn---000-0-slo-d
040 |a STU  |b slo 
041 0 |a slo 
044 |a xo 
100 1 |a Klčovanský, Marek  |u 036000  |4 aut  |U FEI Fakulta elektrotechniky a informatiky  |T FEI Ústav jadrového a fyzikálneho inžinierstva  |X 86957  |U E060  |Y 817  |7 86957 
242 0 1 |a Dynamics of particles in fluctuating potential  |y eng 
245 1 0 |a Dynamika súboru častíc vo fluktuujúcom potenciáli 
260 |a Bratislava :  |b STU v Bratislave FEI,  |c 2024 
300 |a 80 s. 
650 4 |a náhodný potenciál  |2 slo 
650 4 |a numerické simulácie  |2 slo 
650 4 |a simulácie častíc  |2 slo 
650 4 |a gaussián  |2 slo 
650 4 |a gaussian  |2 eng 
650 4 |a random potentials  |2 eng 
650 4 |a numerical simulations  |2 eng 
650 4 |a simulations of particles  |2 eng 
700 1 |a Bokes, Peter  |u 036000  |k Z1  |4 ths  |U FEI Fakulta elektrotechniky a informatiky  |T FEI Ústav jadrového a fyzikálneho inžinierstva  |X 4237  |U E060  |Y 817  |7 A000004237 
856 4 |u https://opac.crzp.sk/?fn=detailBiblioFormChildO1194P&sid=9A7D98113A4E7D6F09AC75A0EB46&seo=CRZP-detail-kniha